|
|
|
|
| LEADER |
03135nam a2200673 4500 |
| 001 |
ocn825767502 |
| 003 |
OCoLC |
| 005 |
20170124071712.9 |
| 006 |
m o d |
| 007 |
cr cnu|||unuuu |
| 008 |
130129s2013 njua ob 001 0 eng d |
| 040 |
|
|
|a N$T
|b eng
|e rda
|e pn
|c N$T
|d DG1
|d E7B
|d YDXCP
|d CDX
|d COO
|d NOC
|d OCLCO
|d OCLCF
|d UKDOC
|d IUL
|d OCLCQ
|d GrThAP
|
| 019 |
|
|
|a 883347778
|
| 020 |
|
|
|a 9781118500163
|
| 020 |
|
|
|a 1118500164
|
| 020 |
|
|
|a 9781118500156
|
| 020 |
|
|
|a 1118500156
|
| 020 |
|
|
|a 9781283977814
|
| 020 |
|
|
|a 1283977818
|
| 020 |
|
|
|z 9780470959947
|
| 020 |
|
|
|z 0470959940
|
| 020 |
|
|
|z 9781118500101
|
| 020 |
|
|
|z 1118500105
|
| 020 |
|
|
|z 9781118500132
|
| 020 |
|
|
|z 111850013X
|
| 029 |
1 |
|
|a AU@
|b 000050718704
|
| 029 |
1 |
|
|a NZ1
|b 15340426
|
| 029 |
1 |
|
|a ZWZ
|b 178188336
|
| 029 |
1 |
|
|a DKDLA
|b 820120-katalog:000651270
|
| 029 |
1 |
|
|a DEBBG
|b BV041829120
|
| 035 |
|
|
|a (OCoLC)825767502
|z (OCoLC)883347778
|
| 050 |
|
4 |
|a QK981
|b .P58 2013eb
|
| 070 |
|
|
|a QK981
|b .P555 2013
|
| 072 |
|
7 |
|a SCI
|x 011000
|2 bisacsh
|
| 082 |
0 |
4 |
|a 581.3/5
|2 23
|
| 049 |
|
|
|a MAIN
|
| 245 |
0 |
0 |
|a Plant transposons and genome dynamics in evolution /
|c editor: Nina V. Fedoroff.
|
| 264 |
|
1 |
|a [Hoboken, N.J.] :
|b John Wiley & Sons, Inc.,
|c 2013.
|
| 300 |
|
|
|a 1 online resource (xvii, [6] unnumbered pages, 212 pages :
|b illustrations (some color)
|
| 336 |
|
|
|a text
|b txt
|2 rdacontent
|
| 337 |
|
|
|a computer
|b c
|2 rdamedia
|
| 338 |
|
|
|a online resource
|b cr
|2 rdacarrier
|
| 504 |
|
|
|a Includes bibliographical references and index.
|
| 505 |
0 |
|
|a The discovery of transposition / Nina V. Fedoroff -- A field guide to transposable elements / Alan H. Schulman and Thomas Wicker -- The mechanism of Ac/Ds transposition / Thomas Peterson and Jianbo Zhang -- McClintock and epigenetics / Nina V. Fedoroff -- Molecular mechanisms of transposon epigenetic regulation / Robert A. Martienssen and Vicki L. Chandler -- Transposons in plant gene regulation / Damon R. Lisch -- Imprinted gene expression and the contribution of transposable elements / Mary A. Gehring -- Transposons and gene creation / Hugo K. Dooner and Clifford F. Weil -- Transposons in plant speciation / Avraham A. Levy -- Transposons, genomic shock and genome evolution / Nina V. Fedoroff and Jeffrey L. Bennetzen.
|
| 588 |
0 |
|
|a Online resource; title from home page (viewed May, 15, 2014).
|
| 650 |
|
0 |
|a Plant genetics.
|
| 650 |
|
0 |
|a Plant genomes.
|
| 650 |
|
0 |
|a Transposons.
|
| 650 |
|
0 |
|a Plants
|x Evolution.
|
| 650 |
|
7 |
|a SCIENCE
|x Life Sciences
|x Botany.
|2 bisacsh
|
| 650 |
|
7 |
|a Plant genetics.
|2 fast
|0 (OCoLC)fst01065459
|
| 650 |
|
7 |
|a Plant genomes.
|2 fast
|0 (OCoLC)fst01065465
|
| 650 |
|
7 |
|a Plants
|x Evolution.
|2 fast
|0 (OCoLC)fst01066028
|
| 650 |
|
7 |
|a Transposons.
|2 fast
|0 (OCoLC)fst01155415
|
| 655 |
|
4 |
|a Electronic books.
|
| 700 |
1 |
|
|a Fedoroff, Nina V.
|q (Nina Vsevolod),
|d 1942-
|
| 776 |
0 |
8 |
|i Print version:
|t Plant transposons and genome dynamics in evolution.
|b 1st ed.
|d Hoboken [N.J.] : Wiley, 2013
|z 9780470959947
|w (DLC) 2012047995
|w (OCoLC)811597201
|
| 856 |
4 |
0 |
|u https://doi.org/10.1002/9781118500156
|z Full Text via HEAL-Link
|
| 994 |
|
|
|a 92
|b DG1
|